01155 2200349 4500001002100000005001500021035002000036007000300056008004100059020002200100082001500122084001700137100002900154245016000183250003200343300002800375650003000403700002800433700003700461700003300498700003400531504003400565264003200599336002100631337003000652338002300682090002200705850001200727999002200739040002200761990002200783INLIS00000000087898420230606101941 a0010-0623000057ta230606s2023 yoi g ind d a978-623-02-6221-004223a372.21 a372.21 TAO n0 aTaopik RahmanePengarang10aNgopi (ngobrol PAUD Indonesia) :b#3 edisi pendidikan karakter /cTaopik Rahman, Dede Wahyudi, Isma Fauziatunnafisah, Nida Diana Hanifa, Rafika Sita Camila aCetakan Pertama, Maret 2023 ax, 147 halaman ;c23 cm 4aPendidikan anak usia dini0 aDede WahyudiePengarang0 aIsma FauziatunnafisahePengarang0 aNida Diana HanifaePengarang0 aRafika Sita CamilaePengarang aBibliografi : halaman 114-14031aSleman :bDeepublish,c2023 2rdacontentateks 2rdamediaatanpa perantara 2rdacarrieravolume aCB-D.11 2023-0557 aYOPDYOG aCB-D.11/2023-0557 aYOPDYOGbindcrda aCB-D.11/2023-0557